Statistics for Largest World Cities With Six Letters

Click here to take the quiz!

General Stats

  • This quiz has been taken 1,195 times
    (784 since last reset)
  • The average score is 28 of 36

Answer Stats

Pop.CountryCity% Correct
14.9 milUnited KingdomLondon
100%
19.1 milRussiaMoscow
100%
6.65 milSpainMadrid
98%
27.2 milPhilippinesManila
98%
4.85 milGermanyBerlin
97%
16.5 milIranTehran
97%
27.1 milIndiaMumbai
96%
3.57 milGreeceAthens
95%
4.97 milAustraliaSydney
95%
9.95 milTaiwanTaipei
95%
10.4 milColombiaBogotá
94%
2.50 milPortugalLisbon
94%
2.35 milAustriaVienna
94%
2.50 milPolandWarsaw
94%
5.15 milTurkeyAnkara
93%
2.22 milCubaHavana
93%
7.50 milSaudi ArabiaRiyadh
92%
4.05 milItalyNaples
90%
7.65 milUnited StatesDallas
84%
14.5 milPakistanLahore
82%
9.35 milAngolaLuanda
82%
7.70 milUnited StatesBoston
81%
3.85 milSouth AfricaDurban
73%
5.45 milMaliBamako
70%
10.5 milJapanNagoya
68%
6.15 milMyanmarYangon
68%
2.32 milZambiaLusaka
67%
1.94 milSyriaAleppo
65%
2.62 milKazakhstanAlmaty
64%
14.9 milChinaXiamen
56%
3.67 milBrazilRecife
55%
3.77 milCameroonDouala
42%
5.45 milChinaHarbin
42%
5.30 milChinaDalian
34%
4.85 milItalyÜrümqi
29%
7.30 milChinaNingbo
24%

Score Distribution

Percentile by Number Answered

Percent of People with Each Score

Your Score History

You have not taken this quiz since the last reset